00504nam a2200193 a 4500001001300000003000900013005001700022008004100039020002300080082001500103100001500118245004300133260003400176300000900210500003500219505001000254650003100264700001500295nice12345678IN_TiNIC20260116012310.0050524s1991 newa grp 000 0 eng  a8170952 c12500a320.5bBAR aBarua, B P aEminent Thinkers in India and Pakistan aNew DelhibLancers Bookc1991 a110p aincludes index and biblioraphy2 aIndex aPolitics-Ideologies-Indian1 aBarua, B P